00565nam a22001457a 4500008004100000020001500041082001500056110004200071245014200113260003500255300000800290942001200298999001500310952009400325230704b xxu||||| |||| 00| 0 eng d a9211480868 a363.4bINC bInternational Narcotics control Board aEffectiveness of the International Drug Control treatiesbSupplement to the report of the International Narcotics Control Board for 1994 aNew YorkbUnited Nationsc1995 a24p 2ddccBK c3897d3897 00102ddc4070a002b002d2023-07-04l0o363.4 INCp10010534r2023-07-04w2023-07-04yBK